Catalog

Record Details

Catalog Search



You can do it, Pout-Pout Fish!  Cover Image Book Book

You can do it, Pout-Pout Fish! / Deborah Diesen ; pictures by Isidre Mones.

Diesen, Deborah, (author.). Mones, Isidre, (illustrator.).

Summary:

"Mr. Fish has a fun idea! He is going to make a painting for his friends at school, and he does not need any help. He can do this on his own! But when his plan doesn't work, he may end up needing his friends after all"-- Amazon.com.

Record details

  • ISBN: 9781250064271
  • ISBN: 1250064279
  • Physical Description: 1 volume (unpaged) : chiefly color illustrations ; 24 cm.
  • Edition: First edition.
  • Publisher: New York : Farrar Straus Giroux Books for Young Readers, an imprint of Macmillan Publishing Group, 2018.

Content descriptions

General Note:
"Pictures based on illustrations created by Dan Hanna."--cover.
Study Program Information Note:
Accelerated Reader AR 3.2 0.5 185016.
Accelerated Reader LG 3.2 .5.
Subject: Fishes > Juvenile fiction.
Marine animals > Juvenile fiction.
Confidence > Juvenile fiction.
Genre: Stories in rhyme.
Readers (Publications)
Animal fiction.

Available copies

  • 0 of 1 copy available at scottsboropl.

Holds

  • 0 current holds with 1 total copy.
Show All Copies
Location Call Number / Copy Notes Barcode Shelving Location Status Due Date

LDR 01985cam a2200457 i 4500
001152973
003CONS
00520200121094516.0
008170929t20182018nyua j 000 1 eng d
010 . ‡a 2017956500
020 . ‡a9781250064271 ‡q(paperback)
020 . ‡a1250064279 ‡q(paperback)
035 . ‡a(CPomAG)LMN615146
042 . ‡alccopycat
05000. ‡aPZ7.D57342 ‡bYou 2018
08204. ‡a[E] ‡223
1001 . ‡aDiesen, Deborah, ‡eauthor.
24510. ‡aYou can do it, Pout-Pout Fish! / ‡cDeborah Diesen ; pictures by Isidre Mones.
250 . ‡aFirst edition.
264 1. ‡aNew York : ‡bFarrar Straus Giroux Books for Young Readers, an imprint of Macmillan Publishing Group, ‡c2018.
300 . ‡a1 volume (unpaged) : ‡bchiefly color illustrations ; ‡c24 cm.
336 . ‡atext ‡btxt ‡2rdacontent
336 . ‡astill image ‡bsti ‡2rdacontent
337 . ‡aunmediated ‡bn ‡2rdamedia
338 . ‡avolume ‡bnc ‡2rdacarrier
4901 . ‡aPout-Pout Fish reader. Level 1
500 . ‡a"Pictures based on illustrations created by Dan Hanna."--cover.
520 . ‡a"Mr. Fish has a fun idea! He is going to make a painting for his friends at school, and he does not need any help. He can do this on his own! But when his plan doesn't work, he may end up needing his friends after all"-- ‡cAmazon.com.
5268 . ‡aAccelerated Reader AR ‡c3.2 ‡d0.5 ‡z185016.
5260 . ‡aAccelerated Reader ‡bLG ‡c3.2 ‡d.5.
650 0. ‡aFishes ‡vJuvenile fiction.
650 0. ‡aMarine animals ‡vJuvenile fiction.
650 0. ‡aConfidence ‡vJuvenile fiction.
655 7. ‡aStories in rhyme. ‡2lcgft
655 7. ‡aReaders (Publications) ‡2lcgft
655 7. ‡aAnimal fiction. ‡2lcgft
7001 . ‡aMones, Isidre, ‡eillustrator.
8001 . ‡aDiesen, Deborah. ‡tPout-pout fish reader. ‡nLevel 1.
914 . ‡aSCP_LP ‡dLMN_cm
959 . ‡i32269001140311 ‡lBR Die ‡aJuvenile - Beginning Reader ‡tPaperback ‡g15.00
852 . ‡p32269001140311 ‡jBR Die ‡gJuvenile - Beginning Reader ‡cPaperback ‡y15.00 ‡bSBPL
901 . ‡a152973 ‡bUnknown ‡c152973 ‡tbiblio

Additional Resources